[Event "Mecklenburg VP-ch U25"]
[Site "Malchow"]
[Date "2019.02.05"]
[Round "5.6"]
[White "Reichelt, Jerome"]
[Black "Schuett, Matthias"]
[Result "0-1"]
[WhiteElo "778"]
[BlackElo "1514"]
[PlyCount "112"]
[EventDate "2019.02.02"]
[EventType "swiss"]
[EventRounds "7"]
[EventCountry "GER"]
[SourceTitle "EXT 2022"]
[Source "ChessBase"]
[SourceDate "2021.10.06"]
[SourceVersion "1"]
[SourceVersionDate "2021.10.06"]
[SourceQuality "1"]

1. e4 e5 2. Nc3 b6 3. f4 Bb7 4. fxe5 Bb4 5. d4 Bxc3+ 6. bxc3 Qh4+ 7. g3 Qxe4+ 8. Qe2 Qxe2+ 9. Bxe2 Bxh1 10. Bb2 Bd5 11. c4 Be4 12. 0-0-0 Nc6 13. a3 Nh6 14. d5 Nd8 15. Bf3 Bxf3 16. Nxf3 0-0 17. Kb1 Ng4 18. Re1 Re8 19. h4 f6 20. Nd4 Rxe5 21. Rf1 Ne3 22. Re1 Nxc4 23. Rxe5 Nxe5 24. Nf5 Ndf7 25. h5 Re8 26. Ne3 Nd3 27. Ng2 Nxb2 28. Kxb2 c6 29. Nf4 Re5 30. dxc6 dxc6 31. Nd3 Rxh5 32. Nb4 Rb5 33. c4 Rc5 34. Kb3 Ne5 35. Na6 Rxc4 36. Nb4 a5 37. Na6 Rg4 38. Kc3 Rxg3+ 39. Kd4 Rxa3 40. Ke4 Kf7 41. Nc7 Ke7 42. Na8 b5 43. Nb6 h5 44. Kd4 h4 45. Kc5 h3 46. Na8 h2 47. Kb6 h1Q 48. Ka6 b4 49. Nb6 b3 50. Nc8+ Ke6 51. Nb6 b2 52. Na8 b1R 53. Nc7+ Kd6 54. Na8 c5 55. Nb6 Kc7 56. Ka7 Qb7# 0-1

[Event "Mecklenburg VP-ch U25"]
[Site "Malchow"]
[Date "2019.02.02"]
[Round "1.10"]
[White "Reichelt, Jerome"]
[Black "Tews, Leon"]
[Result "1-0"]
[WhiteElo "778"]
[BlackElo "1163"]
[PlyCount "79"]
[EventDate "2019.02.02"]
[EventType "swiss"]
[EventRounds "7"]
[EventCountry "GER"]
[SourceTitle "EXT 2022"]
[Source "ChessBase"]
[SourceDate "2021.10.06"]
[SourceVersion "1"]
[SourceVersionDate "2021.10.06"]
[SourceQuality "1"]

1. e4 c5 2. Nc3 Nc6 3. Nf3 g6 4. Bb5 Bg7 5. 0-0 Nf6 6. d3 a6 7. Ba4 b5 8. e5 Ng4 9. Bb3 Ngxe5 10. Re1 Nxf3+ 11. Qxf3 0-0 12. Bg5 Ne5 13. Qxa8 Nc6 14. Nd5 f6 15. Nxf6+ Kh8 16. Nd5 Rf7 17. Nb4 Rf5 18. Nxc6 dxc6 19. Bxe7 Qc7 20. Be6 Re5 21. Bd6 Rxe1+ 22. Rxe1 Qxd6 23. Qxc8+ Bf8 24. Bd7 Kg7 25. Re3 c4 26. g3 Qb4 27. Bxc6 Qxb2 28. Qc7+ Kh6 29. g4 Qxc2 30. Rh3+ Kg5 31. Qd8+ Kxg4 32. Bd7+ Kf4 33. Qxf8+ Kg5 34. Qh6+ Kf6 35. Rf3+ Ke5 36. Qf4+ Kd5 37. dxc4+ Kc5 38. Qe3+ Kxc4 39. Be6+ Kb4 40. Qa3# 1-0